Scripps National Spelling Bee 2019 Words XVI Quiz Stats

 Plays Quiz not verified by Sporcle

Support Sporcle.
Go Orange.
Score 0/5 Timer 02:00
0 Plays Today
% Correct
ixodid
72.2%
salmagundi
72.2%
zaguan
61.1%
hinalea
55.6%
varsovienne
50%

You're not logged in!

Compare scores with friends on all Sporcle quizzes.
OR
Log In

From the Vault

Obscure Knowledge - NATO Members

by PenguinsMeercats

We're pretty sure you don't need to guess Papua New Guinea in this one.
Remove Ads.
Support Sporcle.
Get the best of Sporcle when you Go Orange. This ad-free experience offers more features, more stats, and more fun while also helping to support Sporcle. Thank you for becoming a member.

Show Comments

Extras

Top Quizzes Today


Score Distribution

Your Account Isn't Verified!

In order to create a playlist on Sporcle, you need to verify the email address you used during registration. Go to your Sporcle Settings to finish the process.

Report this User

Report this user for behavior that violates our Community Guidelines.

Details: